Dzielnice Dąbrowy Górniczej z Mapą - Statystyki

Ogólne statystyki
  • Ten quiz został rozwiązany 41 razy
  • Średni wynik to 7 z 18
Odpowiedzi na mapie
Odpowiedzi zakodowano w zielono-czerwonej skali na mapie do tego quizu, zgodnie z poniższymi procentami.
 
Statystyki odpowiedzi
Dzielnice % Poprawnych
Śródmieście
73%
Ząbkowice
64%
Zielona-Pogoria
59%
Reden
55%
Tucznawa-Bugaj-Sikorka
55%
Mydlice
45%
Strzemieszyce Wielkie
45%
Błędów
41%
Łosień
41%
Strzemieszyce Małe
41%
Antoniów
36%
Okradzionów
36%
Łęka
27%
Gołonóg Północny
23%
Gołonóg Południowy
23%
Gołonóg Wschodni
14%
Trzebiesławice
14%
Ujejsce
14%
Nie znaleziono quizów pasujących do podanych kryteriów
Rozkład punktacji
Procent ludzi z każdym wynikiem
Percentyl według liczby udzielonych odpowiedzi
Twoja historia wyników
Nie rozwiązałeś tego quizu